00912cam a2200241 a 450000500170000000800390001701000150005602000180007104000500008904100080013910000230014724501020017026000470027230000640031950400530038365000450043665000330048165000400051465100330055470000330058770000280062076500220064820140903175111.0140530s2011 si abd frb f001 0 eng a2011315264 a9789971695026 aCO-BoUCMcJose A. GerenadJose A. Gerenabspa1 aeng1 aTill, Margreet van10aBanditry in West Java,cMargreet van Till ; traducción David McKay, Beverly Jacksonb1869-1942  aSingapur (Singapur, Asia)bNUS Pressc2011 ax, 282 páginasbilustraciones, mapas, cuadros, gráficas aIncluye referencias bibliográficas e índices 7aBandoleroszIndonesiaxAspectos sociales 7aCrimen organizadozIndonesia 7aVida social y costumbreszIndonesia 4aIndonesiaxCrimen organizado1 aJackson, Beverleyetraductor1 aMcKay, Davidetraductor tBatavia bij nacht